• 首页
  • 本馆介绍
  • 公告通知
  • 最新文献
  • 馆藏检索
  • 电子资源
  • 读者导购
  • 参考咨询
  • 我的图书馆
  • 登录
  • 详细信息显示
  • 放入我的书架
  • 预约/预借图书
  • 作者相关作品
  • 分类相关作品
  • 丛书相关作品
  • 出版社相关作品

书目信息

  • 表格格式
  • 工作单格式
  • 卡片格式
题名:
博古斯学院法式西餐烹饪宝典
    
 
作者: ;施悦 , 珍妮特 , 泰夫奈 译 ;法国保罗博古斯厨艺学院 著
分册:  
出版信息: 北京   中国轻工业出版社  2020.04
页数: 624页
开本: 26cm
丛书名:
单 册:
中图分类: TS972.118
科图分类:
主题词: 西式菜肴--xi shi cai yao--烹饪--法国
电子资源:
ISBN: 978-7-5184-1431-4
000 01307nam0 2200277 450
001 0109110144
005 20201109110337.0
010    @a978-7-5184-1431-4@b精装@dCNY378.00
100    @a20181129d2020 em y0chiy50 ea
101 1  @achi@cfre
102    @aCN@b110000
105    @aa z 001yy
106    @ar
200 1  @a博古斯学院法式西餐烹饪宝典@Abo gu si xue yuan fa shi xi can peng ren bao dian@dInstitut Paul Bocuse-Lecole de l'excellence culinaire@f法国保罗·博古斯厨艺学院著@g奥雷丽·珍妮特(Aurelie Jeannette),乔纳森·泰夫奈(Jonathan Thevenet)摄影@g施悦译@zfre
210    @a北京@c中国轻工业出版社@d2020.04
215    @a624页@c彩照@d26cm
330    @a本书收录精心挑选的70道法式西餐烹饪食谱,按照食材分类,包含250个烹饪技巧,以一步一步的详细步骤图作为展示,超过1800张步骤图片。食谱之后还附有餐酒搭配须知,摆桌技巧等系统性西餐知识。
510 1  @aInstitut Paul Bocuse-Lecole de l'excellence culinaire@zfre
606 0  @a西式菜肴@Axi shi cai yao@x烹饪@y法国
690    @aTS972.118@v5
702  0 @a施悦@Ashi yue@4译
702  0 @a珍妮特@Azhen ni te@4摄影@c(Jeannette, Aurelie)
702  0 @a泰夫奈@Atai fu nai@4摄影@c(Thevenet, Jonathan)
711 02 @a法国保罗博古斯厨艺学院@Afa guo bao luo bo gu si chu yi xue yuan@4著
801  0 @aCN@bBJSZM@c20201103
905    @b1213749-50@dTS972.118@e602@f2
    
    博古斯学院法式西餐烹饪宝典=Institut Paul Bocuse-Lecole de l'excellence culinaire/法国保罗·博古斯厨艺学院著/奥雷丽·珍妮特(Aurelie Jeannette),乔纳森·泰夫奈(Jonathan Thevenet)摄影/施悦译.-北京:中国轻工业出版社,2020.04
    624页:彩照;26cm
    
    
    ISBN 978-7-5184-1431-4(精装):CNY378.00
    本书收录精心挑选的70道法式西餐烹饪食谱,按照食材分类,包含250个烹饪技巧,以一步一步的详细步骤图作为展示,超过1800张步骤图片。食谱之后还附有餐酒搭配须知,摆桌技巧等系统性西餐知识。
●
相关链接 在E读中查询图书 在五车中查询图书 在当当中查询图书 在豆瓣中查询图书


正题名:博古斯学院法式西餐烹饪宝典     索取号:TS972.118/602         预约/预借

序号 登录号 条形码 馆藏地/架位号 状态 备注
1 1213749   212137490   第二样本阅览室/ [索取号:TS972.118/602] 在馆    
2 1213750   212137506   第三借阅区/ [索取号:TS972.118/602] 在馆    
唐山师范学院图书馆 欢迎您!
大连网信软件有限公司© 版权所有